Persebaya Surabaya Squad 2022-2023 - Statistics

General Stats
  • This quiz has been taken 6 times
  • The average score is 7 of 34
Answer Stats
# Position Nation Player Name % Correct
21 GK Indonesia Ernando Ari
83%
10 MF Portugal Ze Valente
67%
- Coach Indonesia Aji Santoso
50%
88 MF Indonesia Alwi Slamat
50%
4 DF Brazil Leo Lelis
50%
96 MF Indonesia Muhammad Hidayat
50%
9 FW Brazil Paulo Victor
50%
52 GK Indonesia Andhika Ramadhani
33%
8 MF Indonesia Andre Oktaviansyah
33%
42 DF Indonesia Arief Catur
33%
47 DF Indonesia Arizky Satria
33%
18 MF Indonesia Brylian Aldama
33%
86 GK Indonesia Satria Tama
33%
14 MF Japan Sho Yamamoto
33%
16 DF Indonesia George Brown
17%
30 MF Indonesia Michael Rumere
17%
11 MF Indonesia Mochammad Supriadi
17%
6 MF Indonesia Muhammad Iqbal
17%
71 MF Indonesia Riski Dwiyan
17%
64 GK Indonesia Aditya Arya Nugraha
0%
17 MF Indonesia Ahmad Nufiadani
0%
37 DF Indonesia Altariq Ballah
0%
13 MF Indonesia Bramdani
0%
45 MF Indonesia Brayen Pondaag
0%
74 MF Indonesia Denny Agus
0%
27 MF Indonesia Fernando Pamungkas
0%
27 GK Indonesia I Gede Dita Ditmika
0%
90 FW Indonesia Januar Eka Ramadhan
0%
29 FW Indonesia Julian Mancini
0%
44 DF Indonesia RIswan Lauhin
0%
93 FW Indonesia Saiful
0%
24 DF Indonesia Salmad Alfarid
0%
81 MF Indonesia Wahyudi
0%
31 FW Indonesia Widi Syarief
0%
No matching quizzes found
Score Distribution
Percent of People with Each Score
Percentile by Number Answered
Your Score History
You have not taken this quiz